Women's human rights violations in Nigeria: (Record no. 4654)

MARC details
000 -LEADER
fixed length control field 00508nam a2200157 4500
008 - FIXED-LENGTH DATA ELEMENTS--GENERAL INFORMATION
fixed length control field 240118b |||||||| |||| 00| 0 eng d
020 ## - ISBN
ISBN 9783510401
082 ## - DEWEY DECIMAL CLASSIFICATION NUMBER
Classification number 305.42
Item number WOM
942 ## - ADDED ENTRY ELEMENTS (KOHA)
Item Type Reports
700 ## - ADDED ENTRY--PERSONAL NAME
Personal name Imam, Ayesha M.
Relator Term compiler
245 ## - TITLE STATEMENT
Title Women's human rights violations in Nigeria:
Sub Title January 15, 1966- May 29, 1999
260 ## - PUBLICATION, DISTRIBUTION, ETC. (IMPRINT)
Place of Publication Lagos:
Name of Publisher BAOBAB for women's human rights
Date of Copyright [1999?]
300 ## - PHYSICAL DESCRIPTION
Extent 93 p.
Physical Details bibliography included
650 ## - SUBJECT ADDED ENTRY--TOPICAL TERM
Topical Term HUMAN RIGHTS-Nigeria
650 ## - SUBJECT ADDED ENTRY--TOPICAL TERM
Topical Term Women's rights-Violations-Nigeria
Holdings
Withdrawn status Lost status Source of classification or shelving scheme Damaged status Not for loan Permanent location Current location Date acquired Total Checkouts Full call number Barcode Date last seen Price effective from Koha item type
    Dewey Decimal Classification     Resource center, Muslim Women's Research And Action Forum Resource center, Muslim Women's Research And Action Forum 2024-01-18   305.42 WOM RAF4779 2024-01-18 2024-01-18 Reports
    Dewey Decimal Classification     Resource center, Muslim Women's Research And Action Forum Resource center, Muslim Women's Research And Action Forum 2024-01-18   305.42 WOM RAF4780 2024-01-18 2024-01-18 Reports

Copyright © 2023 Muslim Women's Research and Action Forum (MWRAF), No 27/3, Anderson Road, Kalubowila, Dehiwela. Funded by The Asia Fundation